[Event "Canadian op 48th U2000"]
[Site "Toronto"]
[Date "2011.07.17"]
[Round "9"]
[White "Dowling, Bruce"]
[Black "Nasir, Zehn"]
[Result "0-1"]
[WhiteElo "1847"]
[BlackElo "1686"]
[PlyCount "110"]
[EventDate "2011.07.09"]
[EventType "swiss"]
[EventRounds "9"]
[EventCountry "CAN"]
[SourceTitle "EXT 2022"]
[Source "ChessBase"]
[SourceDate "2021.10.06"]
[SourceVersion "1"]
[SourceVersionDate "2021.10.06"]
[SourceQuality "1"]

1. f4 d5 2. Nf3 Nc6 3. e3 Bg4 4. Be2 e6 5. Ne5 Nxe5 6. fxe5 Bxe2 7. Qxe2 Ne7 8. Qb5+ Nc6 9. Qxb7 Nxe5 10. Qb5+ c6 11. Qe2 Qh4+ 12. g3 Qe4 13. 0-0 Qxc2 14. Nc3 Be7 15. Qa6 0-0 16. d4 Ng4 17. Qe2 Qxe2 18. Nxe2 Bg5 19. Nf4 Rfc8 20. b4 Be7 21. Bd2 Nf6 22. Rfc1 Ne4 23. Be1 Rab8 24. Nd3 Rb6 25. Rc2 Ra6 26. Rac1 Ra3 27. Ne5 Rxe3 28. Nxc6 Kf8 29. b5 Ba3 30. Bb4+ Bxb4 31. Nxb4 Rxc2 32. Rxc2 Rc3 33. Rb2 Rc7 34. Kf1 Rb7 35. Nc6 Nc3 36. Rb3 Nxb5 37. Na5 Rb6 38. Rb4 Nc3 39. a3 Rxb4 40. axb4 Ke8 41. Ke1 Nb5 42. Nb3 Ke7 43. Kd2 Kf6 44. Kd3 Kf5 45. h3 h5 46. Ke3 e5 47. dxe5 Kxe5 48. Kd3 Nd6 49. Na5 Nb5 50. Nb3 g5 51. Ke3 f5 52. Kd3 h4 53. gxh4 gxh4 54. Ke3 f4+ 55. Kf3 Nd4+ 0-1